000
00472nam a2200181Ia 4500
008
100917s9999 xx 000 0 und d
082
_b
43017
100
_a
कीर गिरिजा
245
_a
दर्शन
260
_b
हेमचंद्र प्रकाशन
_c
1980
300
_a
132
365
_b
16
520
_a
चरित्र
630
_a
दर्शन
650
_a
चरित्र
730
_a
दर्शन
942
_c
BOOK
999
_c
648411
_d
648408